[Event "Elit(LASK-Farsta)"]
[Site "?"]
[Date "2022.10.14"]
[Round "1"]
[White "Livner, Anders"]
[Black "Pantzar, Milton"]
[Result "1-0"]
[WhiteElo "2365"]
[BlackElo "2465"]
[PlyCount "183"]
[SourceVersionDate "2022.10.29"]

1. Nf3 Nf6 2. c4 e6 3. g3 d5 4. Bg2 Be7 5. O-O O-O 6. d4 c6 7. Qc2 b6 8. Nbd2
c5 9. dxc5 bxc5 10. b3 Nc6 11. Bb2 Nb4 12. Qb1 Rb8 13. Ne5 Bb7 14. cxd5 exd5
15. Nd3 a5 16. Rc1 Qb6 17. Nf4 Rbd8 18. Re1 Qa7 19. e3 Rfe8 20. Qd1 d4 21. exd4
Bxg2 22. Kxg2 cxd4 23. a3 Nbd5 24. Nd3 Nc3 25. Qf3 Nfd5 26. h4 Bf6 27. Ne4 Nxe4
28. Rxe4 Rxe4 29. Qxe4 Qb6 30. Re1 h6 31. Nc1 Nc3 32. Qd3 Qc6+ 33. Kh2 Qd5 34.
Bxc3 dxc3 35. Re8+ Rxe8 36. Qxd5 g6 37. Qd3 Rd8 38. Qf3 Kg7 39. Ne2 c2 40. Kg2
Rd2 41. Nc1 Rd1 42. Na2 Ra1 43. Qc6 Rxa2 44. Qc4 h5 45. Kh3 Rb2 46. b4 a4 47.
b5 Kg8 48. b6 Bg7 49. f4 Rxb6 50. Qxc2 Rb3 51. Qc8+ Bf8 52. f5 Rxa3 53. Qe8 Kg7
54. Qe5+ Kg8 55. fxg6 fxg6 56. Qf6 Bg7 57. Qxg6 Ra1 58. Qe8+ Bf8 59. Qe6+ Kg7
60. Qf5 Kg8 61. Qe6+ Kh7 62. Qe5 Bg7 63. Qxh5+ Kg8 64. Qe8+ Kh7 65. h5 a3 66.
Qg6+ Kh8 67. Qe8+ Kh7 68. Kg4 Bb2 69. Qe7+ Kh8 70. Qe8+ Kg7 71. Qd7+ Kf8 72. h6
Re1 73. Kg5 Re7 74. Qc8+ Kf7 75. Qf5+ Ke8 76. Qc8+ Kf7 77. h7 Re5+ 78. Kg4 Re8
79. Qb7+ Kg6 80. Qc6+ Kf7 81. Qd5+ Kg7 82. Qd7+ Kf8 83. Kf5 Re7 84. Qd8+ Re8
85. Qd7 Re7 86. Qc8+ Re8 87. Qb7 Re5+ 88. Kf4 Re7 89. Qxb2 Rf7+ 90. Ke3 Re7+
91. Kf2 Rf7+ 92. Kg2 1-0

[Event "Elit(Vasteras-Kungstornet)"]
[Site "?"]
[Date "2022.10.14"]
[Round "1"]
[White "Janse, Love"]
[Black "Henriksson, Johan"]
[Result "1/2-1/2"]
[WhiteElo "2219"]
[BlackElo "2265"]
[PlyCount "101"]
[EventDate "2022.10.30"]

1. e4 c6 2. d4 d5 3. f3 e6 4. Be3 Nf6 5. Nd2 Be7 6. Bd3 b6 7. e5 Nfd7 8. c3 Ba6
9. Bc2 c5 10. f4 g6 11. Ngf3 Nc6 12. a3 cxd4 13. cxd4 Na5 14. h4 h5 15. Ng5
Bxg5 16. hxg5 Ke7 17. Kf2 Rc8 18. Rc1 Qc7 19. Qf3 Qb7 20. Bb1 Rxc1 21. Rxc1 Rc8
22. Qd1 Rxc1 23. Qxc1 Qc6 24. Qd1 Nc4 25. Qc2 Nb8 26. Nxc4 dxc4 27. Qe4 Bb7 28.
Qxc6 Bxc6 29. Bd2 Kd7 30. Bb4 Bd5 31. g3 Nc6 32. Ke3 Nxb4 33. axb4 Kc6 34. Kd2
Kb5 35. Kc3 a5 36. bxa5 Kxa5 37. Bc2 b5 38. Bd1 b4+ 39. Kd2 Kb5 40. Be2 Ka5 41.
Bd1 Bc6 42. Be2 Bd5 43. Bd1 Kb6 44. Be2 Kc6 45. Bf1 Kc7 46. Be2 Kb6 47. Bf1 Ka5
48. Be2 Ka4 49. Bd1+ Kb5 50. Be2 Ka5 51. Bd1 1/2-1/2

[Event "Elit(Helsingborg-Wasa)"]
[Site "?"]
[Date "2022.10.14"]
[Round "1"]
[White "Cramling, Dan"]
[Black "Nilsson Hask, Patrik"]
[Result "1-0"]
[WhiteElo "2294"]
[BlackElo "2184"]
[PlyCount "73"]
[EventDate "2022.10.30"]

1. d4 f5 2. g3 Nf6 3. Bg2 g6 4. c4 Bg7 5. Nc3 O-O 6. Nf3 d6 7. d5 Na6 8. Nd4
Nc5 9. b4 Nce4 10. Bb2 Nxc3 11. Bxc3 Ne4 12. Bxe4 fxe4 13. O-O e5 14. dxe6 c5
15. Nb5 Bxc3 16. Nxc3 Bxe6 17. Nxe4 cxb4 18. Qd4 d5 19. cxd5 Qxd5 20. Nf6+ Rxf6
21. Qxf6 Bh3 22. e4 Qxe4 23. f3 Qe3+ 24. Rf2 Rc8 25. Qb2 Rc3 26. Rd1 Qc5 27.
Qe2 Re3 28. Qc2 Qxc2 29. Rxc2 Rxf3 30. Rc7 Rf7 31. Rd8+ Kg7 32. Rxf7+ Kxf7 33.
Rb8 Be6 34. Rxb7+ Kf6 35. Rxa7 Ke5 36. Ra4 b3 37. a3 1-0

[Event "Elit(Stockholms SS-Limhamn)"]
[Site "?"]
[Date "2022.10.15"]
[Round "2"]
[White "Lokander, Martin"]
[Black "Lindgren, Philip"]
[Result "1/2-1/2"]
[WhiteElo "2453"]
[BlackElo "2382"]
[PlyCount "91"]
[EventDate "2022.10.30"]

1. c4 e6 2. Nc3 d5 3. d4 Nf6 4. cxd5 exd5 5. Bg5 Be7 6. e3 c6 7. Bd3 O-O 8. Qc2
h6 9. Bf4 Bd6 10. Nf3 Bxf4 11. exf4 Re8+ 12. Ne5 c5 13. dxc5 Nc6 14. O-O Nxe5
15. fxe5 Rxe5 16. Nb5 Bd7 17. Nd6 Qc7 18. Rfe1 Rxe1+ 19. Rxe1 Ne8 20. Nf5 Bxf5
21. Bxf5 Nf6 22. b4 a6 23. Qd2 a5 24. a3 axb4 25. axb4 b6 26. Qd4 bxc5 27. bxc5
Qc6 28. h3 Ra4 29. Qe5 Qxc5 30. Qb8+ Qf8 31. Bh7+ Nxh7 32. Re8 Ra1+ 33. Kh2
Qxe8 34. Qxe8+ Nf8 35. Qe5 Rd1 36. Qe2 Rd4 37. Qe8 Rd3 38. f4 g6 39. g4 Rf3 40.
Qb8 d4 41. Kg2 Re3 42. Qd8 Re2+ 43. Kf3 Re3+ 44. Kg2 Re2+ 45. Kg1 Re3 46. Kg2
1/2-1/2

[Event "Elit(LASK-Wasa)"]
[Site "?"]
[Date "2022.10.15"]
[Round "2"]
[White "Thybo, Jesper Sondergaard"]
[Black "Amin, Bassem"]
[Result "1/2-1/2"]
[WhiteElo "2516"]
[BlackElo "2663"]
[PlyCount "71"]
[EventDate "2022.10.30"]

1. d4 Nf6 2. c4 g6 3. Nc3 Bg7 4. e4 d6 5. Nf3 O-O 6. Be2 e5 7. dxe5 dxe5 8.
Qxd8 Rxd8 9. Bg5 Re8 10. Nd5 Nxd5 11. cxd5 c6 12. Bc4 cxd5 13. Bxd5 Nd7 14. Nd2
Nc5 15. O-O-O Be6 16. Bxe6 Nxe6 17. Be3 Bf8 18. Kb1 Rec8 19. Rc1 Rd8 20. Nc4 f6
21. Na5 b6 22. Nc6 Rd7 23. Rhd1 Rc7 24. b4 Rb7 25. a4 Kf7 26. Ka2 Ke8 27. Kb3
a6 28. g3 g5 29. g4 b5 30. axb5 Rxb5 31. Rd5 Rb7 32. Ra5 Kd7 33. Rd5+ Ke8 34.
Ra5 Kd7 35. Rd5+ Ke8 36. Ra5 1/2-1/2

[Event "Elit(Kungstornet-LASK)"]
[Site "?"]
[Date "2022.10.16"]
[Round "3"]
[White "Glimbrant, Torbjorn"]
[Black "Nord, Alexander"]
[Result "1/2-1/2"]
[WhiteElo "2133"]
[BlackElo "2177"]
[PlyCount "142"]
[EventDate "2022.10.30"]

1. Nf3 Nf6 2. c4 c5 3. e3 Nc6 4. Nc3 e6 5. d4 cxd4 6. exd4 d5 7. a3 Be7 8. Bd3
dxc4 9. Bxc4 O-O 10. O-O b6 11. Bg5 Bb7 12. Re1 Rc8 13. Bd3 Rc7 14. Be3 Qa8 15.
Qe2 Rd8 16. Rad1 Na5 17. Nb5 Rcc8 18. Rc1 Nb3 19. Rxc8 Rxc8 20. Bc4 Na5 21. Ba2
Bf8 22. b4 Nc6 23. Bd2 Nd8 24. Bf4 Nd5 25. Bd6 Ba6 26. Bxf8 Kxf8 27. a4 Nxb4
28. Bb1 g6 29. Qd2 Nd5 30. Qh6+ Kg8 31. Nd6 Rc7 32. Ne8 f6 33. Nxc7 Nxc7 34.
Bxg6 hxg6 35. Qxg6+ Kf8 36. Qxf6+ Ke8 37. Ne5 Nd5 38. Qg7 Qb7 39. Qg8+ Ke7 40.
Qg5+ Ke8 41. Re4 Qh7 42. Ng6 Ne7 43. Qxe7+ Qxe7 44. Nxe7 Kxe7 45. h4 Bb7 46.
Re3 Bc6 47. h5 Kf6 48. f4 Bxa4 49. Ra3 b5 50. g4 Nc6 51. g5+ Kg7 52. Kf2 Bc2
53. Ke3 b4 54. Ra6 b3 55. Kd2 b2 56. Kxc2 Nb4+ 57. Kxb2 Nxa6 58. Kc3 Nc7 59.
Kd3 a5 60. Kc4 Nd5 61. Kb5 Nxf4 62. h6+ Kg6 63. Kxa5 Kxg5 64. h7 Ng6 65. Kb5
Kf6 66. Kc6 Nh8 67. Kd7 Kf7 68. Kd6 Kf6 69. Kd7 Kf7 70. Kd6 Kf6 71. Kd7 Kf7
1/2-1/2